000 00319nam a22001337a 4500
020 _a978-93-83080-43-4
082 _a894.812.3
_bGEO/S
100 _aBEENA GEORGE
245 _aSINDBADINTE KAPPAL YATHRAKAL
260 _aTHRISSUR
_bH&C PUBLISHING
300 _a48
650 _aMALAYALAM SHORT STORY
_zKERALA
942 _cBK
999 _c1142
_d1142